000 00459nam a22001817a 4500
003 MPLRDC
005 20220104161448.0
008 210129b ||||| |||| 00| 0 eng d
020 _a957-452-028-5
082 _a528.21 PCXZ
100 _a品川孝子
245 _a引导孩子走过反抗期
_c
250 _a初版
260 _a台湾
_b国际村文化书店有限公司
_c2001
300 _b220
650 _a亲子教育
942 _cBK
_o528.21 PCXZ
999 _c55492
_d55482